| 000 | 00605cam a2200229 a 4500 | ||
|---|---|---|---|
| 001 | 13080975 | ||
| 005 | 20180202070242.0 | ||
| 008 | 030204s2004 mau 001 0 eng | ||
| 010 | _a 2003101699 | ||
| 020 | _a0312406851 (pbk.) | ||
| 035 | _a(DLC) 2003101699 | ||
| 040 |
_aDLC _cDLC _dDLC |
||
| 041 | _aeng | ||
| 080 | _a37 HAC | ||
| 082 | _a37 HAC | ||
| 100 | 1 | _a47 | |
| 101 | _aEDU | ||
| 245 | 1 | 0 |
_aRules for writers / _cDiana Hacker. |
| 906 |
_a7 _bcbc _corignew _d3 _eepcn _f20 _gy-gencatlg |
||
| 942 |
_2ddc _cBK |
||
| 999 |
_c41630 _d41630 |
||